Jojo's Bizarre Adventure - Infamous Quotes 2 - Statistics

General Stats
  • This quiz has been taken 10 times
  • The average score is 6 of 8
Answer Stats
Quote Speaker % Correct
Au revoir... Iggy... Jean Pierre Polnareff
100%
What were you saying about my hair?! Josuke Higashikata
89%
German science is the world finest! Rudol Von Stroheim
78%
I'm leaving the rest up to you. Giorno. Bruno Bucciarati
67%
This is the last of my hamon! Take it from me! Caeser Zeppeli
67%
You were two steps too late... Jotaro Kujo. Enrico Pucci
67%
𝓟𝓲𝓲𝓲𝓲𝔃𝔃𝓪 𝓜𝓸𝔃𝔃𝓪𝓪𝓪𝓻𝓮𝓵𝓵𝓪 Gyro Zeppeli
67%
If your heart is wavering, do not shoot. The Saint
44%
No matching quizzes found
Score Distribution
Percent of People with Each Score
Percentile by Number Answered
Your Score History
You have not taken this quiz